000 01289cam a2200289 i 4500
003 SA-RiAUC
005 20250211072042.0
008 250204s1998 su g 000r0 ara c
020 _a9960795373
040 _aSA-RiAUC
_bara
_cSA-RiAUC
_erda
082 0 4 _a929.2
_qSA-RiAUC
090 _a929.2
_bف ر ي
100 1 _aالفريح، عبد الرحمن
_eمؤلف.
245 1 0 _aبنو بكر بن وائل منذ ظهور الإسلام حتى بداية العصر الأموي /
_cتأليف عبد الرحمن الفريح ؛ تقديم ومراجعة أبو عبد الرحمن بن عقيل الظاهري.
250 _aالطبعة الأولى.
264 1 _aالرياض :
_bدار ابن حزم للنشر والتوزيع،
_c[1998]
300 _a274 صفحة ؛
_c24 سم
336 _aنص
_btxt
_2rdacontent
_3كتاب
337 _aبدون وسيط
_bn
_2rdamedia
338 _aمجلد
_bnc
_2rdacarrier
650 7 _aبكر بن وائل ( قبيلة)
_xتاريخ
_2aucsh
650 7 _aالأنساب العربية
_2aucsh
650 7 _aالقبائل العربية
_xتاريخ
_2aucsh
700 1 _aالظاهري، أبو عبد الرحمن بن عقيل،
_d1357 هجري-
_eمقدم.
942 _2ddc
_cBOOK
_n0
949 _aSA-JeALM
_d250204
_umohamedma123
_n1
999 _c5809
_d5809